000 00209 a2200097 4500
001 45880
100 _aNarayan R
245 _aUnder the banyan tree
260 _aLondon
_bHeinemann
_c
090 _c28979
_d28979
942 _aNUST-CAE
_cM
_c21089
999 _c280953
_d280953